Administración de compra y abastecimiento
| Main Author: | |
|---|---|
| Format: | Section = Libro |
| Language: | Undetermined Spanish |
| Published: |
México
McGraw-Hill
2012
|
| Subjects: |
| LEADER | 00631nam a2200229Ia 4500 | ||
|---|---|---|---|
| 008 | 240830s9999 xx 000 0 und d | ||
| 020 | |a 978-607-15-0758-7 | ||
| 040 | |a B-ESTELÍ- RUACS / 658.7 L486 | ||
| 041 | |a spa | ||
| 082 | |a 658.7 L486 | ||
| 100 | 1 | |a Leenders, Johnson. | |
| 245 | 1 | 0 | |a Administración de compra y abastecimiento |
| 260 | |a México |b McGraw-Hill |c 2012 | ||
| 300 | |a 457 p | ||
| 650 | 7 | |a ADMINISTRACION DE COMPRAS Y DEL SUMINISTRO | |
| 650 | 7 | |b ESTRATEGIAS | |
| 650 | 7 | |c ORGANIZACION | |
| 650 | 7 | |d PROCESOS TECNICOS | |
| 650 | 7 | |e TECNOLOGIA DE SUMINISTRO | |
| 942 | |c BK |2 ddc | ||
| 991 | |a TEXTO | ||
| 999 | |c 11500 | ||